Statistics for Northeast China - Biggest Cities

Click here to take the quiz!

General Stats

  • This quiz has been taken 39 times
  • The average score is 9 of 23

Answer Stats

ProvinceCity% Correct
HeilongjiangHarbin
91%
LiaoningShenyang
87%
LiaoningDalian
78%
JilinJilin
78%
JilinChangchun
61%
HeilongjiangQiqihar
57%
LiaoningAnshan
48%
LiaoningDandong
48%
LiaoningFushun
48%
HeilongjiangDaqing
43%
LiaoningBenxi
35%
LiaoningJinzhou
30%
LiaoningYingkou
30%
HeilongjiangMudanjiang
17%
LiaoningPanjin
17%
LiaoningFuxin
13%
HeilongjiangHegang
13%
LiaoningHuludao
13%
HeilongjiangJiamusi
13%
HeilongjiangSuihua
13%
LiaoningTieling
13%
LiaoningLiaoyang
9%
LiaoningHaicheng
0%

Score Distribution

Percentile by Number Answered

Percent of People with Each Score

Your Score History

You have not taken this quiz